| 000 | 012860000a22002290004500 | ||
|---|---|---|---|
| 001 | 17979 | ||
| 020 | _a978-958-714-216-7 | ||
| 082 | 0 | 4 | _aG 303.6 N677a |
| 100 | 1 | _aNieto, Patricia | |
| 245 | 1 | 0 | _aLlanto en el paraíso : crónicas de la guerra en Colombia / Patricia Nieto |
| 260 | _aMedellín : Universidad de Antioquia, 2008 | ||
| 300 | _a198 p. ; 22 cm | ||
| 500 | _aPremio Nacional de Crónica Periodística y Reportaje VI | ||
| 505 | 0 | 0 | _aDeclaración de amor -- La pasión según Caicedo -- La última florecita nutabe -- Los vencidos: cuando el hogar es otro país |
| 520 | _aResumen: La estructura narrativa del libro está soportada en tres historias mayores contadas por voces de mujeres del campo que relatan episodios en los que se entrecruzan todas las formas de la violencia colombiana. Las voces acaban formando un coro trágico que estremece al lector. Sin embargo, en medio del dolor, la narración también rescata el heroísmo, el amor a la vida, la alegría y la transparencia de alma de estas mujeres. | ||
| 650 | 1 | 4 | _aMemorias y recuerdos (Colombia) \ HISTORIA - COLOMBIA |
| 710 | 1 | _aUniversidad de Antioquia, ed | |
| 942 | _cBK | ||
| 999 |
_c44472 _d44472 |
||
| 336 |
_atexto _btxt _2rdacontent |
||
| 337 |
_2rdamedia _asin mediación _bn |
||
| 338 |
_2rdacarrier _avolumen _bnc |
||